000 00622nam a2200169 4500
999 _c16341
_d16341
008 211125b ||||| |||| 00| 0 eng d
022 _a0732-8435
082 _aDPer 657.05 C33 Apr - Sept 2016, v86 n4-9
100 _aMessina, Frank.
_943764
245 _aTax implications (and rewards) of grandparents taking care of grandchildren/
_cFrank Messina and Chen Song.
260 _aNew York:
_bThe New York State Society of CPA,
_c©2016.
300 _av86 n9, pages 54-58:
_billustrations;
_c28 cm.
500 _aThe CPA Journal
650 _atax planning.
_943729
700 _aSong, C.
_eAuthor.
_943765
942 _2ddc
_cPER